Statistics for Countries Closest to Lagos

Click here to take the quiz!

General Stats

  • This quiz has been taken 72 times
  • The average score is 19 of 20

Answer Stats

Distance (km)Distance (mi)Country% Correct
1,074668Mali
100%
580360Niger
100%
00Nigeria
100%
7245Benin
98%
599372Cameroon
98%
687427Côte d'Ivoire
98%
244152Ghana
98%
685426São Tomé and Príncipe
97%
176109Togo
97%
1,384860Algeria
95%
565351Burkina Faso
95%
1,219757Chad
95%
1,394866Mauritania
95%
1,197744Republic of the Congo
95%
1,523947Sierra Leone
95%
1,221759Central African Republic
94%
1,236768Guinea
94%
1,195743Liberia
94%
897557Gabon
91%
652405Equatorial Guinea
89%

Score Distribution

Percentile by Number Answered

Percent of People with Each Score

Your Score History

You have not taken this quiz